000 00518nam a22001937a 4500
003 OSt
005 20140310181953.0
008 121121t xxu||||| |||| 00| 0 eng d
020 _a0553480049
050 _aPZ 7
_b.St849 1992
082 _aKF
_bSt4sv #31
100 _aStewart, Molly Mia
_93765
245 _aElizabeth and Jessica Run Away /
_cMolly Mia Stewart.
260 _aNew York :
_bBantam Books,
_cc1992.
300 _a75 p. :
_bill. ;
_c20 cm.
541 _j1
562 _e1
942 _2lcc
_cBK-KF
_kKF
999 _c7887
_d7887